Les 2 villes les plus peuplées par région française en E - Statistiques

Statistiques générales
  • Ce quiz a été pris 79 fois
  • Le résultat moyen est 5 sur 26
Statistiques - réponses
Région Départements Population Villes % Correct
Normandie Eure 48 000 Evreux
90%
Grand Est Vosges 32 000 Epinal
83%
Île de France Essonne 67 000 Evry Courcouronnes
80%
Auvergne Rhône Alpes Isère 37 000 Echirolles
58%
Marne 22 000 Epernay
52%
Seine Saint Denis 54 000 Epinay sur Seine
38%
Seine Maritime 16 000 Elbeuf
26%
Rhône 18 000 Ecully
20%
Nouvelle Aquitaine Gironde 24 000 Eysines
17%
Pays de la Loire Mayenne 8 000 Evron
12%
Corrèze 4 000 Egletons
10%
Occitanie Pyrénées Orientales 9 000 Elne
9%
Hauts de France Pas de Calais 11 000 Etaples
9%
Bouches du Rhône 8 000 Eguilles
4%
Morbihan 7 000 Elven
4%
Bretagne Finistère 9 000 Ergué Gabéric
4%
Eure et Loir 6 000 Epernon
3%
Provence Alpes Côte d’Azur Vaucluse 9 000 Entraigues-sur-la-Sorgue
1%
Haute Garonne 7 000 Escalquens
1%
Territoire de Belfort 3 000 Essert
1%
Centre Val de Loire Indre et Loire 6 000 Esvres
1%
Bourgogne Franche Comté Doubs 4 000 Etupes
1%
Corse du Sud 200 Evisa
1%
Corse Corse du Sud 1 000 Eccica Suarella
0%
Nord 9 000 Escaudain
0%
Vendée 7 000 Essarts en Bocage
0%
Aucun quiz correspondant
Distribution des résultats
% des personnes avec chaque résultat
Percentile par nombre de réponses
Votre historique - résultats
Vous n’avez pas pris ce quiz